000 01030nam a2200289 a 4500
001 73494
003 BD-RjUL
005 20211209082413.0
008 170602s1992 au a b 001 0 eng
020 _a3211823123 (SpringerVerlag WienNew York)
020 _a0387823123 (SpringerVerlag New YorkWien)
035 _a(BD-RjUL)73712
040 _aDLC
_cDLC
_dDLC
_dBD-RjUL
_beng
041 _aeng
082 0 0 _223
_a632.3
_bGEN 1992
245 1 0 _aGenes involved in plant defense /
_cedited by T. Boller and F. Meins.
260 _aWien ;
_aNew York :
_bSpringer-Verlag,
_cc1992.
300 _ax, 364 p. :
_bill. ;
_c25 cm.
504 _aIncludes bibliographical references and index.
650 0 _aPlants
_xDisease and pest resistance
_xGenetic aspects.
_9217448
650 0 _aPlant diseases
_xGenetic aspects.
_9217449
700 1 _aBoller, T.
_q(Thomas),
_d1949-
_9217450
700 1 _aMeins, F.
_q(Frederick),
_d1942-
_9217451
830 _aPlant gene research,
_9217452
942 _2ddc
_cBK
999 _c73494
_d73494